| 000 | 00531nam a2200169 a 4500 | ||
|---|---|---|---|
| 005 | 20140115143454.0 | ||
| 008 | 140115b ck ||||| |||| 00| 0 spa d | ||
| 041 | _aspa | ||
| 090 |
_aEA _b00088 |
||
| 100 |
_aRodríguez, Carlos E. _94006 |
||
| 110 |
_bCorporación Suna Hisca _94007 |
||
| 245 |
_aSoy del trópico _bcinco temas para hablar de la tierra, un cuento sobre como funciona el mundo y una hélice |
||
| 260 |
_aBogotá _bSuna Hisca _bEcofondo _bWWF _c[199?] |
||
| 300 | _a38 p. | ||
| 942 |
_cImpreso _2z |
||
| 945 | _d2005-06-21 | ||
| 999 |
_c4593 _d4593 |
||